000 00495nam a2200181Ia 4500
008 090124s9999 xx 000 0 und d
082 _b119824
100 _aचेस जेम्स हॅडले
245 _a मोहिनी
250 _a1
260 _c1978
300 _a200
600 _aचेस जेम्स हॅडले
630 _a मोहिनी
700 _aचेस जेम्स हॅडले
730 _a मोहिनी
942 _cBOOK
999 _c165910
_d165910